Cambridge studies in oral and literate culture
| Content type: | Series |
|---|---|
| Published: |
Cambridge:
Cambridge University Press
|
| Source: | MPIPL_cat |
MARC
| LEADER | 00000nas a2200000 u 4500 | ||
|---|---|---|---|
| 001 | PL0000945 | ||
| 003 | PLI01000000000000000000908 | ||
| 005 | 00000000000000.0 | ||
| 008 | m ||| | ||
| 245 | 0 | 0 | |a Cambridge studies in oral and literate culture |
| 260 | |a Cambridge |b Cambridge University Press | ||
| 533 | |n (reproduction note) | ||
| 996 | |a Serie | ||